000 00310nam a2200121Ia 4500
008 230907s9999||||xx |||||||||||||| ||und||
082 _a620.1064,BER
100 _aBernard, Peter S.
_9115156
245 0 _aTurbulent flow :
260 _aWiley,
_bHoboken, N.J. :
_c2002
300 _axiii, 497 p. :
942 _cBK
999 _c597728
_d597728